[Event "Gibtelecom Festival 2010 - Masters"]
[Site "Gibraltar ENG"]
[Date "2010.02.02"]
[Round "8.56"]
[White "Stephan, Axel"]
[Black "Arnott, Jonathan W"]
[Result "1/2-1/2"]
[WhiteElo "2252"]
[BlackElo "2154"]
[PlyCount "59"]
[EventDate "2010.01.26"]
[EventType "swiss"]
[EventRounds "10"]
[EventCountry "ENG"]
[Source "lmi"]
[SourceDate "2010.01.26"]

1. e4 e6 2. d3 d5 3. Nd2 c5 4. Ngf3 Nc6 5. g3 Bd6 6. Bg2 Nge7 7. O-O O-O 8. Nh4
b5 9. f4 Qb6 10. Kh1 f5 11. e5 Bc7 12. g4 fxg4 13. Qxg4 Nd4 14. Rg1 Rf7 15.
Ndf3 Nxf3 16. Bxf3 Bb7 17. Rg3 d4 18. Bd2 Nf5 19. Nxf5 exf5 20. Qh3 Bxf3+ 21.
Rxf3 Qc6 22. Qg2 Re8 23. Rg3 Re6 24. a4 b4 25. Qxc6 Rxc6 26. Kg1 Ba5 27. b3 Bd8
28. h3 Re7 29. Kf2 Ree6 30. Rgg1 1/2-1/2

[Event "Gibtelecom Festival 2010 - Masters"]
[Site "Gibraltar ENG"]
[Date "2010.02.02"]
[Round "8.57"]
[White "Tari, Aryan"]
[Black "Schoene, Maria"]
[Result "1/2-1/2"]
[WhiteElo "1932"]
[BlackElo "2251"]
[PlyCount "161"]
[EventDate "2010.01.26"]
[EventType "swiss"]
[EventRounds "10"]
[EventCountry "ENG"]
[Source "lmi"]
[SourceDate "2010.01.26"]

1. e4 d6 2. d4 Nf6 3. Nc3 g6 4. Nf3 Bg7 5. Bd3 O-O 6. O-O c6 7. Bf4 Nh5 8. Be3
Nd7 9. Ne2 e5 10. c3 Re8 11. Ng3 Nf4 12. Bc2 Qc7 13. Ne2 Nh5 14. Ng3 Nhf6 15.
dxe5 dxe5 16. Bb3 b6 17. a4 Nc5 18. Bxc5 bxc5 19. Ng5 Re7 20. Qe2 h6 21. Nf3
Rb8 22. Bc4 Nd7 23. a5 Nf8 24. Rfd1 Ne6 25. Qc2 h5 26. h4 Bh6 27. Nf1 Kg7 28.
Ne3 f6 29. g3 Nd8 30. a6 Nf7 31. Bxf7 Rxf7 32. Nc4 Be6 33. Qe2 Rff8 34. Na5 Bc8
35. Nc4 Bg4 36. Rd3 Rbe8 37. Rad1 Re7 38. Rd6 Bc8 39. Ra1 Rd8 40. Rxd8 Qxd8 41.
Ra5 Qc7 42. Qc2 Kh8 43. Qa4 Bf8 44. Rxc5 Re6 45. Ra5 c5 46. Kf1 Be7 47. Qb5 Rc6
48. Ke2 Kg7 49. Nfd2 Qd7 50. Ne3 Qe6 51. c4 Bxa6 52. Qb3 f5 53. Qd3 f4 54. Nd5
Bd8 55. Ra1 Rd6 56. Nb3 Qg4+ 57. Ke1 Qh3 58. Nxc5 Qh1+ 59. Qf1 Qxf1+ 60. Kxf1
Bxc4+ 61. Kg2 Bxd5 62. exd5 Bb6 63. Ne6+ Kf6 64. Rd1 Bd4 65. Nxd4 Rxd5 66. Ra1
exd4 67. Rxa7 d3 68. Ra1 fxg3 69. Kxg3 d2 70. Rd1 g5 71. hxg5+ Kxg5 72. b4 Rd3+
73. Kg2 Kf4 74. b5 Ke5 75. b6 Kd6 76. f4 Kc6 77. f5 Kxb6 78. f6 Rd6 79. f7 Rf6
80. Rxd2 Rxf7 81. Rd5 1/2-1/2

[Event "Gibtelecom Festival 2010 - Masters"]
[Site "Gibraltar ENG"]
[Date "2010.02.02"]
[Round "8.62"]
[White "Frey, Matthias"]
[Black "Martsynovskaya, Marina"]
[Result "0-1"]
[WhiteElo "1907"]
[BlackElo "2184"]
[PlyCount "74"]
[EventDate "2010.01.26"]
[EventType "swiss"]
[EventRounds "10"]
[EventCountry "ENG"]
[Source "lmi"]
[SourceDate "2010.01.26"]

1. e4 e5 2. Nf3 Nc6 3. Bb5 Nd4 4. Nxd4 exd4 5. d3 Bc5 6. Nd2 Ne7 7. O-O O-O 8.
Nf3 c6 9. Ba4 d5 10. exd5 Nxd5 11. h3 h6 12. Bd2 Qf6 13. Re1 Be6 14. Qe2 Rfe8
15. Qe5 Qxe5 16. Nxe5 a5 17. c3 f6 18. Nxc6 bxc6 19. Bxc6 Rad8 20. Bxe8 Rxe8
21. Re2 Kf7 22. cxd4 Bxd4 23. Bxa5 Nf4 24. Rd2 Bd5 25. Bc3 Ba7 26. g3 Nxh3+ 27.
Kf1 Ng5 28. a4 h5 29. b4 Nf3 30. Rc2 Rb8 31. Rb2 g5 32. b5 h4 33. gxh4 gxh4 34.
Rb4 h3 35. Rf4 h2 36. Rxf6+ Ke7 37. Ke2 Ng1+ 0-1

[Event "Gibtelecom Festival 2010 - Masters"]
[Site "Gibraltar ENG"]
[Date "2010.02.02"]
[Round "8.63"]
[White "Lasinskas, Povilas"]
[Black "Lombart, Philippe"]
[Result "1-0"]
[WhiteElo "2174"]
[BlackElo "1996"]
[PlyCount "119"]
[EventDate "2010.01.26"]
[EventType "swiss"]
[EventRounds "10"]
[EventCountry "ENG"]
[Source "lmi"]
[SourceDate "2010.01.26"]

1. d4 d5 2. Bg5 h6 3. Bh4 c6 4. Nc3 Bf5 5. e3 Nd7 6. f4 Ngf6 7. Bd3 e6 8. Nf3
Be7 9. O-O Ng4 10. Bxe7 Qxe7 11. Qe2 O-O-O 12. Rab1 g5 13. b4 Bxd3 14. Qxd3 f5
15. Na4 Rdg8 16. b5 c5 17. b6 axb6 18. Nxb6+ Nxb6 19. Rxb6 gxf4 20. exf4 Qg7
21. g3 Nxh2 22. Nxh2 Qxg3+ 23. Qxg3 Rxg3+ 24. Kh1 Rc3 25. dxc5 Rxc5 26. Rxe6
Rxc2 27. Rf6 d4 28. Rd6 Rd8 29. Rxd8+ Kxd8 30. Rd1 Rxa2 31. Rxd4+ Ke7 32. Nf3
b5 33. Ne5 Ra4 34. Nc6+ Ke6 35. Kg2 Rc4 36. Rxc4 bxc4 37. Kf3 c3 38. Nd4+ Kf6
39. Kg3 Kf7 40. Kh4 Kg6 41. Nc2 Kh7 42. Kh5 Kg7 43. Ne3 Kh7 44. Kh4 Kg6 45. Kh3
Kf7 46. Kg3 Kg6 47. Kh4 Kh7 48. Kh5 Kg7 49. Kh4 Kh7 50. Kg3 Kg6 51. Kh3 h5 52.
Kg3 Kh7 53. Kh3 Kg6 54. Kh4 Kh6 55. Nxf5+ Kg6 56. Nd4 c2 57. Nxc2 Kf5 58. Kg3
h4+ 59. Kf3 h3 60. Nd4+ 1-0

[Event "Gibtelecom Festival 2010 - Masters"]
[Site "Gibraltar ENG"]
[Date "2010.02.02"]
[Round "8.65"]
[White "Hamer, Martyn"]
[Black "Montero Melendez, Rafael"]
[Result "0-1"]
[WhiteElo "2039"]
[BlackElo "2248"]
[PlyCount "62"]
[EventDate "2010.01.26"]
[EventType "swiss"]
[EventRounds "10"]
[EventCountry "ENG"]
[Source "lmi"]
[SourceDate "2010.01.26"]

1. g4 d5 2. h3 e5 3. Bg2 c6 4. d4 e4 5. c4 Bd6 6. Nc3 Ne7 7. Qb3 a6 8. Bd2 Bc7
9. O-O-O O-O 10. cxd5 cxd5 11. f3 Nbc6 12. e3 exf3 13. Bxf3 Be6 14. Kb1 b5 15.
Rc1 Na5 16. Qd1 Rb8 17. Nge2 b4 18. Na4 b3 19. a3 Nc4 20. Nc5 Bd6 21. Nxe6 fxe6
22. Nf4 Qd7 23. Rc3 Qa4 24. Bc1 Rfc8 25. Ne2 Qa5 26. Qd3 Qa4 27. e4 Bb4 28.
Rxb3 Nxa3+ 29. Rxa3 Bxa3 30. Nc3 Qb3 31. Bd1 Qxc3 0-1

[Event "Gibtelecom Festival 2010 - Masters"]
[Site "Gibraltar ENG"]
[Date "2010.02.02"]
[Round "8.66"]
[White "Overeem, Marc"]
[Black "Obiamiwe, Paul"]
[Result "1-0"]
[WhiteElo "2245"]
[BlackElo "2046"]
[PlyCount "77"]
[EventDate "2010.01.26"]
[EventType "swiss"]
[EventRounds "10"]
[EventCountry "ENG"]
[Source "lmi"]
[SourceDate "2010.01.26"]

1. c4 Nf6 2. Nc3 g6 3. e4 d6 4. d4 Bg7 5. f3 O-O 6. Be3 Nc6 7. Nge2 a6 8. Qd2
Rb8 9. h4 h5 10. Nc1 e5 11. d5 Nd4 12. Nb3 Nxb3 13. axb3 c6 14. Be2 cxd5 15.
cxd5 Nd7 16. g4 Nf6 17. Rg1 Bd7 18. g5 Ne8 19. O-O-O b5 20. Kb1 Qa5 21. Na2 b4
22. Rc1 Nc7 23. Rc4 Bb5 24. Rxb4 Ra8 25. Rc1 Bxe2 26. Bb6 Qxb4 27. Nxb4 Bxf3
28. Bxc7 Bxe4+ 29. Ka2 a5 30. Nc6 a4 31. b4 f5 32. b5 Rf7 33. b6 Re8 34. Nd8
Rxd8 35. Bxd8 Rb7 36. Rc8 Kh7 37. Rc7 Rb8 38. Bf6 Rg8 39. b7 1-0

[Event "Gibtelecom Festival 2010 - Masters"]
[Site "Gibraltar ENG"]
[Date "2010.02.02"]
[Round "8.67"]
[White "Flores Chico, Jorge"]
[Black "Nuri, Kambez"]
[Result "1-0"]
[WhiteElo "2052"]
[BlackElo "2235"]
[PlyCount "43"]
[EventDate "2010.01.26"]
[EventType "swiss"]
[EventRounds "10"]
[EventCountry "ENG"]
[Source "lmi"]
[SourceDate "2010.01.26"]

1. e4 d6 2. d4 Nf6 3. Nc3 e5 4. dxe5 dxe5 5. Qxd8+ Kxd8 6. Bg5 Nbd7 7. Bc4 Ke8
8. O-O-O c6 9. Nf3 b5 10. Bxb5 cxb5 11. Nxb5 Bb7 12. Nc7+ Ke7 13. Nxa8 Bxa8 14.
Rhe1 h6 15. Bxf6+ gxf6 16. Nh4 Ke6 17. f3 h5 18. Nf5 Bc6 19. Re3 Nb6 20. Red3
Nc8 21. Rd8 Bb7 22. Re8+ 1-0

[Event "Gibtelecom Festival 2010 - Masters"]
[Site "Gibraltar ENG"]
[Date "2010.02.02"]
[Round "8.69"]
[White "Daoudi, Kamal"]
[Black "Spanton, Tim R"]
[Result "0-1"]
[WhiteElo "2155"]
[BlackElo "2035"]
[PlyCount "130"]
[EventDate "2010.01.26"]
[EventType "swiss"]
[EventRounds "10"]
[EventCountry "ENG"]
[Source "lmi"]
[SourceDate "2010.01.26"]

1. e4 c5 2. Nf3 g6 3. d4 cxd4 4. Nxd4 Nc6 5. Nc3 Bg7 6. Be3 Nf6 7. Nxc6 bxc6 8.
e5 Ng8 9. f4 Nh6 10. g4 d6 11. h3 O-O 12. exd6 exd6 13. Qd2 Qh4+ 14. Bf2 Qe7+
15. Kd1 Rb8 16. Bd4 Re8 17. Bxg7 Kxg7 18. Rh2 Qh4 19. Qd4+ Kg8 20. Ne4 Nxg4 21.
hxg4 Rxe4 22. Qxe4 Qxh2 23. f5 gxf5 24. Qe7 Qf4 25. Bd3 Be6 26. gxf5 Bxf5 27.
Bxf5 Qxf5 28. Kd2 Qd5+ 29. Ke3 Qe6+ 30. Qxe6 fxe6 31. Rd1 d5 32. b3 Kf7 33. Kd4
h5 34. Ke5 Ke7 35. Rg1 Rf8 36. Rg6 Rf5+ 37. Kd4 Kd6 38. Rg8 c5+ 39. Ke3 e5 40.
Rg6+ Kc7 41. c4 dxc4 42. Ke4 Rf4+ 43. Kxe5 Rg4 44. Rf6 cxb3 45. axb3 h4 46. Rh6
c4 47. bxc4 Rxc4 48. Kd5 Rb4 49. Kc5 a5 50. Rh7+ Kd8 51. Ra7 Rg4 52. Kb6 a4 53.
Kb5 Rg5+ 54. Kxa4 Rh5 55. Kb4 h3 56. Ra1 h2 57. Rh1 Ke7 58. Kc3 Kf6 59. Kd3 Kg5
60. Ke3 Kg4 61. Kf2 Kh3 62. Ra1 Rf5+ 63. Ke3 Kg2 64. Ra2+ Kg1 65. Ra1+ Rf1 0-1

[Event "Gibtelecom Festival 2010 - Masters"]
[Site "Gibraltar ENG"]
[Date "2010.02.02"]
[Round "8.70"]
[White "Ortega Valle, Jose Ramon"]
[Black "Groffen, Hans"]
[Result "1-0"]
[WhiteElo "2054"]
[BlackElo "2150"]
[PlyCount "109"]
[EventDate "2010.01.26"]
[EventType "swiss"]
[EventRounds "10"]
[EventCountry "ENG"]
[Source "lmi"]
[SourceDate "2010.01.26"]

1. c4 e5 2. Nc3 Nc6 3. g3 f5 4. Bg2 Nf6 5. e3 g6 6. d4 e4 7. f3 exf3 8. Nxf3
Qe7 9. O-O Bg7 10. b4 O-O 11. b5 Nd8 12. a4 a6 13. bxa6 Rxa6 14. Qd3 Re8 15.
Re1 Nf7 16. Ba3 Qd8 17. Nd2 d6 18. e4 fxe4 19. Ndxe4 Nxe4 20. Rxe4 Bf5 21.
Rxe8+ Qxe8 22. Qd2 Bh6 23. Re1 Bxd2 24. Rxe8+ Kg7 25. Bxb7 Rb6 26. Bd5 c6 27.
c5 Ra6 28. Bc4 Ra7 29. Bb2 Bxc3 30. Bxc3 d5 31. Bb3 Ng5 32. a5 Bh3 33. Bd1 Rf7
34. Be2 Rb7 35. Bd3 Rb3 36. a6 Ra3 37. Bb2 Ra2 38. Rb8 Bf5 39. Rb7+ Kf6 40. Bf1
Bg4 41. h4 Nf3+ 42. Kf2 Nd2 43. Bd3 Bf5 44. Be2 h5 45. Ke3 Ne4 46. Rb6 Bd7 47.
Bf3 Nxg3 48. Bxd5 Nf5+ 49. Kf4 Ra4 50. Bb3 Ra5 51. d5+ Ke7 52. d6+ Nxd6 53.
cxd6+ Kxd6 54. Bc3 Rf5+ 55. Ke4 1-0

[Event "Gibtelecom Festival 2010 - Masters"]
[Site "Gibraltar ENG"]
[Date "2010.02.02"]
[Round "8.71"]
[White "Weber, Francois"]
[Black "Cafolla, Peter"]
[Result "1-0"]
[WhiteElo "2149"]
[BlackElo "2042"]
[PlyCount "43"]
[EventDate "2010.01.26"]
[EventType "swiss"]
[EventRounds "10"]
[EventCountry "ENG"]
[Source "lmi"]
[SourceDate "2010.01.26"]

1. e4 e5 2. d4 exd4 3. Qxd4 Nc6 4. Qe3 d6 5. Nc3 Nf6 6. h3 g6 7. Nf3 Bg7 8. Bc4
O-O 9. O-O Qe7 10. Bd2 a6 11. a4 h6 12. Rae1 Nb4 13. Bb3 Be6 14. Ne2 Nc6 15.
Nf4 Nd8 16. e5 dxe5 17. Nxe5 Qd6 18. Nxe6 Nxe6 19. Nxf7 Rxf7 20. Bxe6 Nd5 21.
Qb3 Raf8 22. Qxd5 1-0

[Event "Gibtelecom Festival 2010 - Masters"]
[Site "Gibraltar ENG"]
[Date "2010.02.02"]
[Round "8.74"]
[White "Aerni, Andi"]
[Black "Mortensen, Henrik"]
[Result "1-0"]
[WhiteElo "2137"]
[BlackElo "2015"]
[PlyCount "91"]
[EventDate "2010.01.26"]
[EventType "swiss"]
[EventRounds "10"]
[EventCountry "ENG"]
[Source "lmi"]
[SourceDate "2010.01.26"]

1. d4 e6 2. c4 Nf6 3. Nc3 Bb4 4. Bd2 O-O 5. a3 Bxc3 6. Bxc3 Ne4 7. Qc2 Nxc3 8.
Qxc3 Qf6 9. e3 c5 10. Nf3 cxd4 11. Qxd4 Qxd4 12. Nxd4 a6 13. g3 Nc6 14. O-O-O
Rb8 15. Nxc6 dxc6 16. c5 e5 17. Be2 Be6 18. Kc2 Rfd8 19. Kc3 Kf8 20. Kb4 Ke7
21. Ka5 Bb3 22. Rxd8 Rxd8 23. Kb4 Be6 24. Rd1 Rxd1 25. Bxd1 Kd7 26. Bb3 Bxb3
27. Kxb3 Ke6 28. e4 f5 29. f3 fxe4 30. fxe4 g5 31. g4 Kd7 32. Kb4 Kd8 33. a4
Kd7 34. Ka5 Kc7 35. b3 Kc8 36. b4 Kb8 37. Kb6 Kc8 38. b5 axb5 39. axb5 cxb5 40.
Kxb5 Kc7 41. Kb4 Kd7 42. Kc3 Kc7 43. Kb3 Kd7 44. Kb4 Kc7 45. Kb5 Kd7 46. Kb6
1-0

[Event "Gibtelecom Festival 2010 - Masters"]
[Site "Gibraltar ENG"]
[Date "2010.02.02"]
[Round "8.75"]
[White "Andersson, Lars"]
[Black "Odeh, Kenneth"]
[Result "1-0"]
[WhiteElo "2132"]
[BlackElo "2012"]
[PlyCount "81"]
[EventDate "2010.01.26"]
[EventType "swiss"]
[EventRounds "10"]
[EventCountry "ENG"]
[Source "lmi"]
[SourceDate "2010.01.26"]

1. f4 d5 2. Nf3 Nf6 3. g3 e6 4. Bg2 Be7 5. O-O Bd7 6. d3 Bc6 7. Ne5 Nbd7 8.
Nxc6 bxc6 9. e4 Nb6 10. e5 Nfd7 11. Nd2 Bc5+ 12. Kh1 h5 13. Nf3 g6 14. Qe2 Be7
15. h3 c5 16. c4 c6 17. Be3 Qc7 18. Bd2 a5 19. Kg1 Nf8 20. Rac1 Qa7 21. Be3 Rc8
22. Qf2 d4 23. Bd2 Nh7 24. Rce1 Nd7 25. Bc1 Nb8 26. Nd2 Na6 27. a3 Nb8 28. g4
hxg4 29. hxg4 Kd7 30. Ne4 Rcg8 31. Bd2 Nf8 32. Rb1 Qb6 33. b4 Bh4 34. Qf3 cxb4
35. axb4 a4 36. Nc5+ Kc8 37. Nxa4 Qc7 38. b5 cxb5 39. Rxb5 Nfd7 40. Ba5 Qa7 41.
Qb7+ 1-0

[Event "Gibtelecom Festival 2010 - Masters"]
[Site "Gibraltar ENG"]
[Date "2010.02.02"]
[Round "8.77"]
[White "Stanek, Stanislav"]
[Black "Vinas Guerrero, Carlos A"]
[Result "1/2-1/2"]
[WhiteElo "2007"]
[BlackElo "2120"]
[PlyCount "119"]
[EventDate "2010.01.26"]
[EventType "swiss"]
[EventRounds "10"]
[EventCountry "ENG"]
[Source "lmi"]
[SourceDate "2010.01.26"]

1. d4 d5 2. Bf4 Nf6 3. e3 c5 4. Bb5+ Nc6 5. c3 Qb6 6. Qe2 Bf5 7. dxc5 Qxc5 8.
Nd2 a6 9. Bd3 Bxd3 10. Qxd3 e5 11. Bg3 Qb5 12. Qxb5 axb5 13. Ngf3 Bd6 14. h3
O-O 15. O-O Nh5 16. Bh2 f5 17. Rfd1 Nf6 18. Nb3 Rfe8 19. a3 Na5 20. Nxa5 Rxa5
21. Nd2 Ra4 22. Nb3 Kf7 23. f3 b6 24. Kf1 g5 25. Bg1 Ke6 26. Bf2 Bc5 27. e4
Bxf2 28. exd5+ Nxd5 29. Kxf2 f4 30. Nd2 Ne3 31. Ne4 Nxd1+ 32. Rxd1 Ke7 33. Rd5
Ra5 34. Rxe5+ Kf8 35. Rf5+ Ke7 36. Rxg5 b4 37. Rg7+ Kf8 38. Rg4 bxa3 39. Rxf4+
Kg7 40. bxa3 Rxa3 41. g4 Rf8 42. Rxf8 Kxf8 43. h4 h6 44. Ke3 Kf7 45. Kf4 Ke6
46. g5 hxg5+ 47. hxg5 Ra1 48. Kg4 Rg1+ 49. Ng3 Rc1 50. Ne2 Re1 51. Nd4+ Kf7 52.
Kf5 Re3 53. g6+ Kg8 54. f4 Rxc3 55. Kf6 b5 56. Ke7 Rc7+ 57. Kd6 Rg7 58. f5
Rxg6+ 59. fxg6 Kg7 60. Kc5 1/2-1/2

[Event "Gibtelecom Festival 2010 - Masters"]
[Site "Gibraltar ENG"]
[Date "2010.02.02"]
[Round "8.79"]
[White "Fox, Anthony"]
[Black "Andersen, Niels Erik"]
[Result "1-0"]
[WhiteElo "2113"]
[BlackElo "1965"]
[PlyCount "87"]
[EventDate "2010.01.26"]
[EventType "swiss"]
[EventRounds "10"]
[EventCountry "ENG"]
[Source "lmi"]
[SourceDate "2010.01.26"]

1. e4 c5 2. Nc3 Nc6 3. g3 g6 4. Bg2 Bg7 5. d3 d6 6. Be3 e6 7. Qd2 Rb8 8. Nge2
Nge7 9. Bh6 O-O 10. h4 f6 11. Bxg7 Kxg7 12. h5 g5 13. h6+ Kh8 14. f4 g4 15.
O-O-O b5 16. Rdf1 b4 17. Nd1 Nd4 18. Ne3 Nxe2+ 19. Qxe2 f5 20. exf5 exf5 21.
Nc4 Ng6 22. Re1 Qf6 23. Qe3 Bd7 24. Qf2 Rfe8 25. Ne3 Ne7 26. Nd5 Nxd5 27. Bxd5
a5 28. Rxe8+ Rxe8 29. Re1 Qxh6 30. Rxe8+ Bxe8 31. d4 Qf8 32. dxc5 dxc5 33. Qe3
h6 34. Qe5+ Kh7 35. Be6 Bg6 36. Qc7+ Kh8 37. Qxa5 Qd6 38. Qa8+ Kg7 39. Qg8+ Kf6
40. Bc4 Qd4 41. Qe6+ Kg7 42. Qe7+ Kh8 43. Qf8+ Kh7 44. Qg8# 1-0

[Event "Gibtelecom Festival 2010 - Masters"]
[Site "Gibraltar ENG"]
[Date "2010.02.02"]
[Round "8.82"]
[White "Havik, Victor"]
[Black "Johnson, Paul A"]
[Result "1-0"]
[WhiteElo "2093"]
[BlackElo "1904"]
[PlyCount "101"]
[EventDate "2010.01.26"]
[EventType "swiss"]
[EventRounds "10"]
[EventCountry "ENG"]
[Source "lmi"]
[SourceDate "2010.01.26"]

1. d4 d5 2. c4 e6 3. Nc3 Nf6 4. cxd5 exd5 5. Bg5 Be7 6. e3 c6 7. Bd3 O-O 8.
Nge2 Ne4 9. Bf4 Nxc3 10. Nxc3 Nd7 11. a3 Nf6 12. O-O Bg4 13. Qc2 Bh5 14. b4 Bg6
15. Rfb1 Bxd3 16. Qxd3 Qd7 17. Na4 b6 18. Nc3 h6 19. h3 Bd6 20. Be5 Bxe5 21.
dxe5 Nh7 22. b5 Rfd8 23. bxc6 Qxc6 24. Ne2 Qe8 25. Nd4 Ng5 26. a4 Rac8 27. f4
Ne4 28. a5 Rc3 29. Qe2 bxa5 30. Rxa5 Rdc8 31. Kh2 Rc1 32. Rba1 Rxa1 33. Rxa1
Qd7 34. Ra6 Rc1 35. Qb2 Qc8 36. Rxa7 Re1 37. e6 Nd6 38. Qb4 Qc1 39. exf7+ Nxf7
40. Qb8+ Kh7 41. Rxf7 Rh1+ 42. Kg3 Qe1+ 43. Kg4 Qd1+ 44. Nf3 Qc2 45. Rf8 Qxg2+
46. Kf5 Qg6+ 47. Ke5 Qe4+ 48. Kd6 Qxe3 49. Rh8+ Kg6 50. Ne5+ Kh5 51. Qe8+ 1-0

[Event "Gibtelecom Festival 2010 - Masters"]
[Site "Gibraltar ENG"]
[Date "2010.02.02"]
[Round "8.83"]
[White "Freuler, Roman"]
[Black "Skage, Oystein Aagedal"]
[Result "1-0"]
[WhiteElo "2082"]
[BlackElo "1935"]
[PlyCount "189"]
[EventDate "2010.01.26"]
[EventType "swiss"]
[EventRounds "10"]
[EventCountry "ENG"]
[Source "lmi"]
[SourceDate "2010.01.26"]

1. e4 c5 2. Nf3 Nc6 3. d4 cxd4 4. Nxd4 Nf6 5. Nc3 e5 6. Ndb5 d6 7. a4 a6 8. Na3
Be6 9. Bg5 Be7 10. Bxf6 Bxf6 11. Bc4 O-O 12. O-O Nd4 13. Nd5 Rc8 14. c3 Nc6 15.
Qe2 Bg5 16. Rad1 Ne7 17. Nxe7+ Qxe7 18. Qd3 Rfd8 19. Bd5 Bxd5 20. Qxd5 Rc5 21.
Qd3 Qc7 22. c4 Qa5 23. b3 Be7 24. Nc2 Qc7 25. Ne3 Bf8 26. Nd5 Qc8 27. Qg3 b5
28. cxb5 axb5 29. b4 Rxd5 30. Rxd5 bxa4 31. Qd3 Qc6 32. b5 Qb6 33. Rc1 Rb8 34.
g3 Qa5 35. Qc3 Qb6 36. Qc7 Qxc7 37. Rxc7 f5 38. f3 Rb6 39. Ra7 a3 40. Rxa3 Be7
41. Ra6 Rb7 42. exf5 Kf7 43. Rc6 Kf6 44. g4 g6 45. fxg6 hxg6 46. b6 Ke6 47. Rb5
Bd8 48. Kg2 g5 49. Kf1 Kd7 50. Rc1 Rxb6 51. Rxb6 Bxb6 52. Ke2 Bd8 53. Kd3 Ke6
54. Rc8 Be7 55. Rc6 Kd7 56. Ra6 d5 57. Rg6 Bd8 58. Kc3 Be7 59. Kb3 Bd8 60. Ka4
Be7 61. Kb5 Kc7 62. Rc6+ Kd7 63. h3 Bd6 64. Ra6 Be7 65. Kb6 Bd6 66. Ra7+ Ke6
67. Kc6 d4 68. Ra2 Bb4 69. Kb5 Be1 70. Kc4 Bg3 71. Ra6+ Kf7 72. Kd3 Bf4 73. Ke4
Kg7 74. Kf5 Kf7 75. Ra7+ Kg8 76. Kg6 Kf8 77. Kh5 d3 78. h4 d2 79. Ra1 gxh4 80.
Kxh4 Kg7 81. Kh3 Kf6 82. Kg2 Kg5 83. Kf2 e4 84. fxe4 Kxg4 85. Ke2 Bh6 86. Rf1
Bf4 87. Rg1+ Kh5 88. Kd3 Bg5 89. e5 Kg6 90. Rf1 Bf4 91. Ke4 Bg3 92. Rd1 Be1 93.
Kd5 Kf7 94. Kd6 Ke8 95. Ke6 1-0

[Event "Gibtelecom Festival 2010 - Masters"]
[Site "Gibraltar ENG"]
[Date "2010.02.02"]
[Round "8.84"]
[White "Pienabarca, Nicola"]
[Black "Valhondo Morales, Ruben"]
[Result "1-0"]
[WhiteElo "2071"]
[BlackElo "1762"]
[PlyCount "73"]
[EventDate "2010.01.26"]
[EventType "swiss"]
[EventRounds "10"]
[EventCountry "ENG"]
[Source "lmi"]
[SourceDate "2010.01.26"]

1. d4 d5 2. Nf3 c6 3. c4 e6 4. e3 Nf6 5. b3 Nbd7 6. Bb2 Ne4 7. Bd3 f5 8. O-O
Bd6 9. Ne5 O-O 10. f3 Bxe5 11. dxe5 Nec5 12. cxd5 exd5 13. Ba3 Rf7 14. f4 b6
15. Qc2 Nxd3 16. e6 Rf6 17. exd7 Ba6 18. Rd1 Qxd7 19. Rxd3 Bxd3 20. Qxd3 c5 21.
Nd2 a5 22. Nf3 Rd8 23. Rd1 Qc8 24. Bb2 Rf7 25. Ne5 Rb7 26. Qb5 Qe6 27. Bc3 Rc7
28. Qd3 Rd6 29. Nf3 Rb7 30. Be5 Rd8 31. g4 fxg4 32. Qxh7+ Kxh7 33. Ng5+ Kg6 34.
Nxe6 Rh8 35. Rxd5 Rh3 36. Rd6 Rh8 37. Nd8+ 1-0

[Event "Gibtelecom Festival 2010 - Masters"]
[Site "Gibraltar ENG"]
[Date "2010.02.02"]
[Round "8.85"]
[White "Dasaolu, Adeoye"]
[Black "Kympergr, Vojtech"]
[Result "1-0"]
[WhiteElo "2068"]
[BlackElo "1599"]
[PlyCount "81"]
[EventDate "2010.01.26"]
[EventType "swiss"]
[EventRounds "10"]
[EventCountry "ENG"]
[Source "lmi"]
[SourceDate "2010.01.26"]

1. e4 e5 2. Nf3 Nc6 3. Bb5 a6 4. Ba4 Nf6 5. O-O b5 6. Bb3 Be7 7. Re1 O-O 8. c3
d5 9. exd5 Nxd5 10. d3 Bg4 11. h3 Bh5 12. g4 Bg6 13. Nxe5 Nxe5 14. Rxe5 c6 15.
Qf3 Bd6 16. Re1 Rc8 17. d4 a5 18. a4 b4 19. Nd2 bxc3 20. bxc3 Nf4 21. Ne4 Bxe4
22. Rxe4 Ng6 23. Bd2 Nh4 24. Qe2 Qf6 25. f4 Rb8 26. Bc4 Rb2 27. Rf1 Ng6 28. Qe3
Rfb8 29. f5 Nf8 30. g5 Qd8 31. g6 hxg6 32. fxg6 Nxg6 33. Bxf7+ Kh7 34. Qf3 Nf4
35. Bxf4 Bxf4 36. Qxf4 Qf6 37. Qg3 Qxf1+ 38. Kxf1 Rb1+ 39. Re1 Rxe1+ 40. Kxe1
Rb1+ 41. Kd2 1-0

[Event "Gibtelecom Festival 2010 - Masters"]
[Site "Gibraltar ENG"]
[Date "2010.02.02"]
[Round "8.86"]
[White "Marder, Simon"]
[Black "Royset, Paal"]
[Result "1/2-1/2"]
[WhiteElo "1993"]
[BlackElo "2279"]
[PlyCount "87"]
[EventDate "2010.01.26"]
[EventType "swiss"]
[EventRounds "10"]
[EventCountry "ENG"]
[Source "lmi"]
[SourceDate "2010.01.26"]

1. Nc3 d5 2. e4 d4 3. Nce2 e5 4. Ng3 Be6 5. b3 Nd7 6. Bc4 Bxc4 7. bxc4 d3 8.
Nf3 dxc2 9. Qxc2 Ne7 10. O-O Nc6 11. d4 exd4 12. Nf5 g6 13. N5xd4 Nxd4 14. Nxd4
Bg7 15. Bb2 O-O 16. f4 Qe7 17. Kh1 Nc5 18. e5 f6 19. Nf3 fxe5 20. fxe5 Ne6 21.
Rad1 Rf4 22. Bc1 Rf5 23. Qc3 Qc5 24. Rd5 Qc6 25. Re1 Raf8 26. Qd3 R8f7 27. Bd2
g5 28. Qe4 h5 29. h3 a6 30. Kh2 Bf8 31. Rf1 Nf4 32. Nxg5 Rxg5 33. Rxf4 Rxf4 34.
Bxf4 Rg6 35. Qf5 h4 36. Bg5 Qe6 37. Qf4 Be7 38. Bxe7 Qxe7 39. Qd2 Rg7 40. Qd3
Kh8 41. Rd8+ Rg8 42. Rxg8+ Kxg8 43. Qd5+ Kg7 44. Qe4 1/2-1/2

[Event "Gibtelecom Festival 2010 - Masters"]
[Site "Gibraltar ENG"]
[Date "2010.02.02"]
[Round "8.87"]
[White "Ashby, Anthony C"]
[Black "Boesch, Heinz"]
[Result "1-0"]
[WhiteElo "2178"]
[BlackElo "1948"]
[PlyCount "83"]
[EventDate "2010.01.26"]
[EventType "swiss"]
[EventRounds "10"]
[EventCountry "ENG"]
[Source "lmi"]
[SourceDate "2010.01.26"]

1. c4 d5 2. cxd5 Nf6 3. Nc3 Nxd5 4. g3 Nxc3 5. bxc3 g6 6. Bg2 Bg7 7. Nf3 O-O 8.
O-O c6 9. Qc2 Nd7 10. d4 e5 11. e3 exd4 12. cxd4 Re8 13. Bb2 Qe7 14. Rfe1 a5
15. Nd2 Nb6 16. Qb3 Qd8 17. Ba3 Be6 18. Qc2 Bf8 19. Bxf8 Rxf8 20. Rab1 Rb8 21.
h4 Nd5 22. a3 Nf6 23. Qc5 Qc7 24. Qg5 Kg7 25. Rec1 Qd6 26. Qxa5 Ra8 27. Qb4
Qxb4 28. axb4 Ra2 29. Nf1 Ng4 30. f3 Nf6 31. b5 Rfa8 32. bxc6 bxc6 33. e4 h5
34. Rd1 R8a3 35. Rbc1 Bd7 36. Nd2 Re3 37. Nc4 Ree2 38. Bf1 Rf2 39. Ne5 Be8 40.
Ra1 Rac2 41. Rdc1 Rb2 42. Nd3 1-0

[Event "Gibtelecom Festival 2010 - Masters"]
[Site "Gibraltar ENG"]
[Date "2010.02.02"]
[Round "8.89"]
[White "Matto, Manuel"]
[Black "Lochte, Szilvia"]
[Result "1-0"]
[WhiteElo "1824"]
[BlackElo "2032"]
[PlyCount "59"]
[EventDate "2010.01.26"]
[EventType "swiss"]
[EventRounds "10"]
[EventCountry "ENG"]
[Source "lmi"]
[SourceDate "2010.01.26"]

1. e4 d6 2. d4 g6 3. c3 Bg7 4. h3 Nf6 5. Bd3 O-O 6. Nf3 Nbd7 7. Be3 c5 8. Nbd2
a6 9. a4 b6 10. O-O Bb7 11. d5 h6 12. Re1 Nh5 13. g4 Nhf6 14. Nf1 Nh7 15. Qd2
g5 16. Ng3 e6 17. c4 Ne5 18. Nxe5 Bxe5 19. f4 gxf4 20. Bxf4 Ng5 21. Kg2 Qf6 22.
Nh5 Qg6 23. Bxe5 dxe5 24. Qe3 b5 25. b3 f5 26. exf5 exf5 27. Qxe5 Bc8 28. axb5
Nxh3 29. Re3 Ng5 30. bxa6 1-0